Historia de la conquista del Perú / (Record no. 121101)
[ view plain ]
| 000 -LEADER | |
|---|---|
| campo de control de longitud fija | 00977nam a2200229 i 4500 |
| 001 - NÚMERO DE CONTROL | |
| campo de control | 121101 |
| 003 - IDENTIFICADOR DE NÚMERO DE CONTROL | |
| campo de control | ES-MaACL |
| 005 - FECHA Y HORA DE LA ÚLTIMA TRANSACCIÓN | |
| campo de control | 20250909175449.0 |
| 007 - CAMPO FIJO DE DESCRIPCIÓN FÍSICA--INFORMACIÓN GENERAL | |
| campo de control de longitud fija | t| |
| 008 - DATOS DE LONGITUD FIJA--INFORMACIÓN GENERAL | |
| campo de control de longitud fija | 070214s1986 sp r ||||1| spa d |
| 100 1# - ENTRADA PRINCIPAL--NOMBRE DE PERSONA | |
| Nombre de persona | Prescott, William Hickling, |
| Fechas asociadas al nombre | 1796-1859 |
| 9 (RLIN) | 131353 |
| 245 10 - MENCIÓN DEL TÍTULO | |
| Título | Historia de la conquista del Perú / |
| Mención de responsabilidad, etc. | William H. Prescott ; versión íntegra de la traducción de Nemesio Fernández Cuesta ; presentación por José M. Gómez Tabanera... |
| 260 ## - PUBLICACIÓN, DISTRIBUCIÓN, ETC. | |
| Lugar de publicación, distribución, etc. | Madrid : |
| Nombre del editor, distribuidor, etc. | Istmo, |
| Fecha de publicación, distribución, etc. | 1986. |
| 300 ## - DESCRIPCIÓN FÍSICA | |
| Extensión | 642 p., 8 h. de lám. ; |
| Dimensiones | 21 cm. |
| 490 1# - MENCIÓN DE SERIE | |
| Mención de serie | Colegio universitario (Istmo). Mundus novus ; |
| Designación de volumen o secuencia | 2 |
| 651 #4 - PUNTO DE ACCESO ADICIONAL DE MATERIA--NOMBRE GEOGRÁFICO | |
| Nombre geográfico | Perú- |
| Subdivisión general | Historia- |
| Subdivisión cronológica | Descubrimiento y conquista, 1522-1548. |
| 9 (RLIN) | 9226 |
| 700 1# - ENTRADA AGREGADA--NOMBRE PERSONAL | |
| Nombre de persona | Fernández Cuesta, Nemesio, |
| Fechas asociadas al nombre | 1818-1893 |
| 9 (RLIN) | 49614 |
| 700 0# - ENTRADA AGREGADA--NOMBRE PERSONAL | |
| Nombre de persona | Gómez-Tabanera, José Manuel, |
| Fechas asociadas al nombre | 1926-2011 |
| 9 (RLIN) | 58165 |
| 830 0# - PUNTO DE ACCESO ADICIONAL DE SERIE-TÍTULO UNIFORME | |
| Título uniforme | Colegio universitario (Istmo). Mundus novus ; |
| Designación de volumen o secuencia | 2 |
| 9 (RLIN) | 186497 |
| 852 ## - LOCALIZACIÓN | |
| Ubicación | ES-MaACL |
| Número de control de estantería | L-11760 |
| Sublocalización o colección | R.113377 |
| Estatus retirado | Estado de pérdida | Estado de daño | No para préstamo | Biblioteca de origen | Biblioteca actual | Ubicación en estantería | Fecha de adquisición | Fuente de adquisición | Total de préstamos | Signatura topográfica completa | Código de barras | Visto por última vez | Precio de reemplazo | Tipo de ítem Koha |
|---|---|---|---|---|---|---|---|---|---|---|---|---|---|---|
| Biblioteca del Ateneo de Madrid | Biblioteca del Ateneo de Madrid | Depósito 2 | 17/01/2008 | L-11760 | 1126213 | 23/02/2023 | 23/02/2023 | Libro impreso |
